Statistiken für Landkreise und kreisfreie Städte in Brandenburg

Klicken Sie hier um das Quiz zu spielen!

Allgemein

  • Dieses Quiz wurde 504 mal gespielt
  • Das Durchschnittsergebnis liegt bei 12 aus 18

Antwortstatistiken

Antwort% Korrekt
Potsdam
97%
Potsdam-Mittelmark
97%
Brandenburg an der Havel
85%
Cottbus
84%
Frankfurt (Oder)
78%
Havelland
78%
Uckermark
74%
Prignitz
69%
Oder-Spree
67%
Ostprignitz-Ruppin
66%
Barnim
64%
Oberhavel
63%
Elbe-Elster
60%
Spree-Neiße
60%
Dahme-Spreewald
55%
Teltow-Fläming
54%
Märkisch-Oderland
53%
Oberspreewald-Lausitz
40%

Verteilung der Resultate

Perzentil nach korrekt beantworteten Fragen

Anzahl Personen mit jedem Resultat

Ihre Resultats-Entwicklung

Sie haben dieses Quiz noch nicht gespielt